Score 0/22 Timer 07:00
0 Plays Today
% Correct
Johnny Depp
89.1%
Reese Witherspoon
79.6%
Dwayne Johnson
76.6%
Keanu Reeves
75.9%
Hugh Grant
73.7%
Michael Cera
68.9%
Val Kilmer
68.8%
Jude Law
68.7%
Chris Hemsworth
67.3%
Michael J. Fox
61.9%
Salma Hayek
61.5%
% Correct
Kevin James
60.5%
James McAvoy
54.6%
Emma Thompson
51.8%
Josh Brolin
50.3%
Hugo Weaving
47%
Chadwick Boseman
46.9%
Tom Hiddleston
45%
Ryan Gosling
43.3%
Karl Urban
35.8%
Chiwetel Ejiofor
28.4%
Alan Tudyk
19.6%
Remove Ads.
Support Sporcle.
Get the best of Sporcle when you Go Orange. This ad-free experience offers more features, more stats, and more fun while also helping to support Sporcle. Thank you for becoming a member.

You're not logged in!

Compare scores with friends on all Sporcle quizzes.
OR
Log In

Sporcle TV

Today on Sporcle TV


Watch our educational content, quiz creation guides, and fun videos on Sporcle TV.

Show Comments

Extras

Top Quizzes Today


Score Distribution

Paid Content

Your Account Isn't Verified!

In order to create a playlist on Sporcle, you need to verify the email address you used during registration. Go to your Sporcle Settings to finish the process.

Report this User

Report this user for behavior that violates our Community Guidelines.

Details: